000 00459cam a2200193ua 4500
001 9452
008 150911n ii |||gr||||Z||||||asm
020 _a8172130090
040 _cMAIN
041 _aasm
082 _a370
100 _aPhukan, Suresh,
_eAuthor.
245 1 _aSnatak mahalar shiksha tattwa
_cby Suresh Phukan
250 _a2nd ed.
260 _aGuwahati:
_bPurbanchal prakash,
_c1989.
300 _a266p.
653 _aEducation
942 _cBK
999 _c8503
_d8503